| 000 | 00000nam 2200000zi 4500 |
| 001 | 9.939996 |
| 003 | CaOODSP |
| 005 | 20251017142325 |
| 006 | m o d f |
| 007 | cr cn||||||||| |
| 008 | 240628e19970903onc ob f000 0 eng d |
| 020 | |z0662260929|q(print) |
| 040 | |aCaOODSP|beng|erda|cCaOODSP |
| 043 | |an-cn--- |
| 086 | 1 |aCW66-160/1997E-PDF |
| 086 | 1 |aCW66-160/1997E |
| 245 | 00|aEcological gifts : |bimplementing provisions of the Income Tax Act of Canada / |ccompiled by Clayton Rubec. |
| 264 | 1|aOttawa, Ontario : |bCanadian Wildlife Service, Environment Canada, |cSeptember 3, 1997. |
| 300 | |a1 online resource (iv, 40 pages) |
| 336 | |atext|btxt|2rdacontent |
| 337 | |acomputer|bc|2rdamedia |
| 338 | |aonline resource|bcr|2rdacarrier |
| 500 | |aDigitized edition from print [produced by Environment and Climate Change Canada]. |
| 500 | |aIssued also in French under title: Dons écologiques : mise en Ĺ“uvre des dispositions de la Loi de l'impôt sur le revenu du Canada. |
| 504 | |aIncludes bibliographical references (page 13). |
| 650 | 0|aNature conservation|zCanada. |
| 650 | 0|aIncome tax deductions for charitable contributions|zCanada. |
| 650 | 0|aLand titles|xRegistration and transfer|zCanada. |
| 700 | 1 |aRubec, C. D. A., |ecompiler. |
| 710 | 2 |aCanadian Wildlife Service, |eissuing body. |
| 775 | 08|tDons écologiques : |w(CaOODSP)9.926326 |
| 856 | 40|qPDF|s1.92 MB|uhttps://publications.gc.ca/collections/collection_2024/eccc/cw66/CW66-160-1997-eng.pdf |